[Event "18. Obert Int. Sant Marti 2016 - B"]
[Site "Barcelona ESP"]
[Date "2016.07.21"]
[Round "9.31"]
[White "Martin Valentin, Francisco"]
[Black "Tortosa Moros, Joan"]
[Result "1-0"]
[WhiteElo "1836"]
[BlackElo "1719"]
[PlyCount "105"]
[EventDate "2016.07.13"]
[EventType "swiss"]
[EventRounds "9"]
[EventCountry "ESP"]
[SourceTitle "Ajedrez en Madrid"]
[Source "lmi"]
[SourceDate "2016.07.13"]
[SourceVersion "1"]
[SourceVersionDate "2019.06.21"]
[SourceQuality "1"]

1. d4 Nf6 2. Nf3 e6 3. Bf4 c5 4. c3 Qb6 5. Qc2 cxd4 6. cxd4 Bb4+ 7. Nbd2 Nc6 8.
e3 Nh5 9. Bg3 f5 10. Be2 f4 11. Bh4 fxe3 12. fxe3 O-O 13. O-O Nf6 14. Nc4 Qd8
15. Bd3 h6 16. Nfe5 Be7 17. Ng6 Nb4 18. Qd2 Re8 19. Nxe7+ Qxe7 20. Bg6 Rf8 21.
Bg3 e5 22. Bxe5 Nc6 23. Bd6 Qe6 24. Bxf8 Qxc4 25. Ba3 b5 26. Bc2 Qe6 27. e4 b4
28. Bb3 d5 29. exd5 Nxd5 30. Bxd5 Qxd5 31. Bxb4 Ba6 32. Rf2 Qxd4 33. Qxd4 Nxd4
34. Bc3 Ne2+ 35. Kh1 Nxc3 36. bxc3 Rc8 37. Rc1 Bc4 38. h3 Bf7 39. Rb2 Rc7 40.
a4 Bd5 41. Rd2 Rc5 42. Rd4 Bb3 43. Rb4 Bd5 44. Rb5 Rxb5 45. axb5 Bc4 46. Rb1
Kf7 47. b6 axb6 48. Rxb6 h5 49. Kg1 g6 50. h4 Be6 51. Kf2 Kf6 52. Kf3 Kf5 53.
Rxe6 1-0

[Event "18. Obert Int. Sant Marti 2016 - B"]
[Site "Barcelona ESP"]
[Date "2016.07.21"]
[Round "9.33"]
[White "Mas Sayos, Lluis"]
[Black "Franzoni Ladron, Enric"]
[Result "1/2-1/2"]
[WhiteElo "1643"]
[BlackElo "1811"]
[PlyCount "23"]
[EventDate "2016.07.13"]
[EventType "swiss"]
[EventRounds "9"]
[EventCountry "ESP"]
[SourceTitle "Ajedrez en Madrid"]
[Source "lmi"]
[SourceDate "2016.07.13"]
[SourceVersion "1"]
[SourceVersionDate "2019.06.21"]
[SourceQuality "1"]

1. e4 c5 2. Nf3 d6 3. d4 cxd4 4. Nxd4 Nf6 5. Nc3 a6 6. h3 e5 7. Nb3 Be6 8. g4
h6 9. Bg2 Be7 10. Be3 Nbd7 11. Qd2 Qc7 12. O-O-O 1/2-1/2

[Event "18. Obert Int. Sant Marti 2016 - B"]
[Site "Barcelona ESP"]
[Date "2016.07.21"]
[Round "9.34"]
[White "Arroyo Mateo, Jose Miguel"]
[Black "Berengeno Vierge, Rodolfo"]
[Result "1/2-1/2"]
[WhiteElo "1811"]
[BlackElo "1699"]
[PlyCount "189"]
[EventDate "2016.07.13"]
[EventType "swiss"]
[EventRounds "9"]
[EventCountry "ESP"]
[SourceTitle "Ajedrez en Madrid"]
[Source "lmi"]
[SourceDate "2016.07.13"]
[SourceVersion "1"]
[SourceVersionDate "2019.06.21"]
[SourceQuality "1"]

1. c4 e5 2. Nc3 b6 3. Nf3 d6 4. g3 Bb7 5. Bg2 Nf6 6. O-O Be7 7. e3 O-O 8. d4
exd4 9. exd4 h6 10. d5 Nbd7 11. Nd4 Ne5 12. b3 Re8 13. a4 a6 14. Na2 a5 15. Nc3
Ned7 16. Rb1 Nc5 17. Re1 Bf8 18. Rxe8 Qxe8 19. Be3 Ba6 20. Qf3 Nfd7 21. Qh5 Qe5
22. Qh4 Qf6 23. Qh5 Ne5 24. Ne4 Nxe4 25. Bxe4 g6 26. Qh3 Bc8 27. Qf1 Ng4 28.
Nb5 Nxe3 29. fxe3 Qe7 30. Qd3 f5 31. Bg2 Ba6 32. Nd4 Re8 33. Re1 Bg7 34. Ne6
Be5 35. g4 Qh4 36. Kf1 Bc8 37. Re2 Bxe6 38. dxe6 Qxg4 39. Qd5 Re7 40. Bf3 Qh3+
41. Rg2 Kg7 42. Kf2 Bxh2 43. Qd4+ Be5 44. Qd3 Qh4+ 45. Kf1 Qf6 46. Bd5 Re8 47.
Ke2 g5 48. Rf2 f4 49. Qe4 Qg6 50. Qf3 Qc2+ 51. Kf1 Qxb3 52. Qh5 Qb1+ 53. Ke2
Qc2+ 54. Kf1 Qg6 55. Qh3 Re7 56. Qf3 Qd3+ 57. Kg2 Qxe3 58. Qxe3 fxe3 59. Rf3
Bf4 60. Kf1 Kf6 61. Rh3 Kg6 62. Be4+ Kg7 63. Bf5 c6 64. Bg4 d5 65. cxd5 cxd5
66. Ke2 Rc7 67. Bf5 d4 68. Bd3 Be5 69. Rh1 Bf6 70. Rb1 Rc6 71. Bf5 h5 72. Rh1
Kh6 73. Kd3 Rc3+ 74. Ke2 Ra3 75. Bg4 h4 76. Rb1 Rxa4 77. Rxb6 d3+ 78. Kxd3 Rxg4
79. e7 Re4 80. Kxe4 e2 81. Rb1 Bxe7 82. Kf3 Bb4 83. Kxe2 g4 84. Rd1 h3 85. Kf2
Kg5 86. Rd5+ Kh4 87. Rd8 Bc5+ 88. Kf1 Kg3 89. Rd3+ Kh2 90. Rd2+ Kh1 91. Rd3 Kh2
92. Rd2+ Kh1 93. Rd3 a4 94. Rg3 Kh2 95. Rxg4 1/2-1/2

[Event "18. Obert Int. Sant Marti 2016 - B"]
[Site "Barcelona ESP"]
[Date "2016.07.21"]
[Round "9.35"]
[White "Ferre Navarro, Joan"]
[Black "Pujal Moncho, Joaquim"]
[Result "1/2-1/2"]
[WhiteElo "1591"]
[BlackElo "1805"]
[PlyCount "37"]
[EventDate "2016.07.13"]
[EventType "swiss"]
[EventRounds "9"]
[EventCountry "ESP"]
[SourceTitle "Ajedrez en Madrid"]
[Source "lmi"]
[SourceDate "2016.07.13"]
[SourceVersion "1"]
[SourceVersionDate "2019.06.21"]
[SourceQuality "1"]

1. d4 d5 2. Nf3 e6 3. e3 f5 4. Nbd2 Nf6 5. c4 c6 6. a3 Bd6 7. c5 Bc7 8. b4 b5
9. Bb2 O-O 10. Be2 Nbd7 11. Ne5 Nxe5 12. dxe5 Nd7 13. f4 a5 14. O-O axb4 15.
axb4 Bb7 16. Qc2 Qe7 17. Nb3 Rfe8 18. Nd4 g5 19. h3 1/2-1/2

[Event "18. Obert Int. Sant Marti 2016 - B"]
[Site "Barcelona ESP"]
[Date "2016.07.21"]
[Round "9.36"]
[White "Quero Ortega, Juan"]
[Black "Grasa Solanas, Oscar"]
[Result "1/2-1/2"]
[WhiteElo "1805"]
[BlackElo "1637"]
[PlyCount "72"]
[EventDate "2016.07.13"]
[EventType "swiss"]
[EventRounds "9"]
[EventCountry "ESP"]
[SourceTitle "Ajedrez en Madrid"]
[Source "lmi"]
[SourceDate "2016.07.13"]
[SourceVersion "1"]
[SourceVersionDate "2019.06.21"]
[SourceQuality "1"]

1. c4 Nf6 2. g3 g6 3. Bg2 Bg7 4. Nf3 O-O 5. O-O d5 6. cxd5 Nxd5 7. Nc3 c6 8.
Nxd5 Qxd5 9. d3 Qh5 10. Rb1 Bh3 11. Qa4 Bxg2 12. Kxg2 Nd7 13. Qh4 Qd5 14. Qc4
Nb6 15. Qxd5 Nxd5 16. a3 Rfd8 17. Bd2 Rac8 18. Rfc1 b6 19. Bc3 c5 20. Bxg7 Kxg7
21. Rc2 Nc7 22. Rbc1 Ne6 23. h3 Rd5 24. b4 Kf6 25. d4 Nxd4 26. Nxd4 Rxd4 27.
bxc5 bxc5 28. Rxc5 Rxc5 29. Rxc5 Ra4 30. Rc3 Ke5 31. Rd3 a5 32. Kf3 e6 33. e3
h5 34. Ke2 Rc4 35. Kd2 Rc5 36. Rd4 Kf6 1/2-1/2

[Event "18. Obert Int. Sant Marti 2016 - B"]
[Site "Barcelona ESP"]
[Date "2016.07.21"]
[Round "9.40"]
[White "Gomez Parla, Josep"]
[Black "Gonzalez Canovas, Sebastia"]
[Result "1/2-1/2"]
[WhiteElo "1876"]
[BlackElo "1659"]
[PlyCount "79"]
[EventDate "2016.07.13"]
[EventType "swiss"]
[EventRounds "9"]
[EventCountry "ESP"]
[SourceTitle "Ajedrez en Madrid"]
[Source "lmi"]
[SourceDate "2016.07.13"]
[SourceVersion "1"]
[SourceVersionDate "2019.06.21"]
[SourceQuality "1"]

1. e4 c5 2. Nc3 d6 3. Nf3 Nf6 4. d4 cxd4 5. Nxd4 g6 6. Be2 Bg7 7. Be3 Nc6 8.
O-O O-O 9. Qd2 Bd7 10. Kh1 a6 11. a4 Rc8 12. f4 Qc7 13. Bf3 e6 14. Nxc6 Bxc6
15. a5 Qe7 16. Bd4 Rfd8 17. Qf2 Nd7 18. Bxg7 Kxg7 19. Rfe1 Qf8 20. f5 exf5 21.
exf5 Nf6 22. Bxc6 Rxc6 23. Qd4 Rd7 24. Nd5 Qd8 25. Re7 Qxe7 26. Nxe7 Rxe7 27.
fxg6 hxg6 28. Rf1 Re6 29. c3 Rc5 30. h3 Rxa5 31. g4 Rae5 32. h4 Re4 33. Qf2
Rxg4 34. Re1 Ne4 35. Qd4+ Kg8 36. Kh2 Rxh4+ 37. Kg2 Rg4+ 38. Kh3 Rg3+ 39. Kh2
Rg4 40. Kh3 1/2-1/2

[Event "18. Obert Int. Sant Marti 2016 - B"]
[Site "Barcelona ESP"]
[Date "2016.07.21"]
[Round "9.41"]
[White "Santolaria Pena, M."]
[Black "Romero Gamez, Francisco Javier"]
[Result "1-0"]
[WhiteElo "1846"]
[BlackElo "1649"]
[PlyCount "55"]
[EventDate "2016.07.13"]
[EventType "swiss"]
[EventRounds "9"]
[EventCountry "ESP"]
[SourceTitle "Ajedrez en Madrid"]
[Source "lmi"]
[SourceDate "2016.07.13"]
[SourceVersion "1"]
[SourceVersionDate "2019.06.21"]
[SourceQuality "1"]

1. d4 Nf6 2. Bf4 g6 3. f3 Bg7 4. e4 d6 5. Qd2 O-O 6. Bh6 Re8 7. Bxg7 Kxg7 8.
Nc3 e5 9. d5 a5 10. h4 b6 11. g4 Ba6 12. Bxa6 Nxa6 13. h5 Ng8 14. hxg6 fxg6 15.
O-O-O Qf6 16. Kb1 Reb8 17. g5 Qf4 18. Qg2 Rf8 19. Nce2 Qe3 20. Rd3 Qc5 21. Qh3
Rf7 22. Qxh7+ Kf8 23. Qxg6 Nb4 24. Rc3 Qf2 25. Rh7 Rxh7 26. Qxh7 Qf1+ 27. Nc1
Qxg1 28. Rxc7 1-0

[Event "18. Obert Int. Sant Marti 2016 - B"]
[Site "Barcelona ESP"]
[Date "2016.07.21"]
[Round "9.42"]
[White "Pereda Villalba, Julian"]
[Black "Demestres Lopez, Ricard"]
[Result "1-0"]
[WhiteElo "1824"]
[BlackElo "1643"]
[PlyCount "89"]
[EventDate "2016.07.13"]
[EventType "swiss"]
[EventRounds "9"]
[EventCountry "ESP"]
[SourceTitle "Ajedrez en Madrid"]
[Source "lmi"]
[SourceDate "2016.07.13"]
[SourceVersion "1"]
[SourceVersionDate "2019.06.21"]
[SourceQuality "1"]

1. d4 Nf6 2. c4 d6 3. Nc3 g6 4. e4 Bg7 5. Nf3 Bg4 6. Be2 Nbd7 7. h3 Bxf3 8.
Bxf3 e5 9. d5 O-O 10. Be3 Qe7 11. Qd2 Rfc8 12. O-O c5 13. a4 a5 14. Bg5 Nb6 15.
Be2 Qf8 16. f3 h6 17. Be3 Nh5 18. Kh2 g5 19. g4 Nf4 20. Bxf4 exf4 21. Nb5 Be5
22. Qc2 Qe7 23. Kg2 Nd7 24. Rab1 Nf8 25. b3 Ng6 26. Rh1 Nh4+ 27. Kf2 Qf6 28.
Qd3 Kf8 29. Na3 Ke8 30. Nc2 Kd7 31. Ne1 Qg7 32. Ng2 Ng6 33. h4 gxh4 34. Nxh4
Rh8 35. Nf5 Qf8 36. Rh5 Ne7 37. Nxe7 Qxe7 38. Kg2 Rag8 39. Rbh1 Rg6 40. Re1 Bf6
41. Qd2 Bg5 42. Qxa5 Qd8 43. Qxd8+ Kxd8 44. Bd3 Rgg8 45. Kf2 1-0

[Event "18. Obert Int. Sant Marti 2016 - B"]
[Site "Barcelona ESP"]
[Date "2016.07.21"]
[Round "9.43"]
[White "Romero Funieles, Rafael"]
[Black "Pascual Duran, Pau"]
[Result "1-0"]
[WhiteElo "1774"]
[BlackElo "1480"]
[PlyCount "71"]
[EventDate "2016.07.13"]
[EventType "swiss"]
[EventRounds "9"]
[EventCountry "ESP"]
[SourceTitle "Ajedrez en Madrid"]
[Source "lmi"]
[SourceDate "2016.07.13"]
[SourceVersion "1"]
[SourceVersionDate "2019.06.21"]
[SourceQuality "1"]

1. e4 e6 2. Nf3 d5 3. exd5 exd5 4. h3 Nf6 5. d3 h6 6. Be2 Bd6 7. a3 O-O 8. O-O
Be6 9. Nc3 c6 10. b4 Nbd7 11. Nd4 a6 12. Na4 Rc8 13. c4 Bb8 14. c5 b5 15. Nc3
Ne5 16. a4 Qd7 17. Nxe6 fxe6 18. axb5 axb5 19. f4 Ng6 20. Bg4 Qf7 21. f5 Qc7
22. Ne2 Nxg4 23. hxg4 Qh2+ 24. Kf2 Nh4 25. Rg1 exf5 26. g5 f4 27. Nd4 f3 28.
Nxf3 Rxf3+ 29. Ke2 Re8+ 30. Kd2 Rf2+ 31. Kc3 Be5+ 32. d4 Bf4 33. gxh6 Bxc1 34.
h7+ Kh8 35. Qd3 Re3 36. Ra8+ 1-0

[Event "18. Obert Int. Sant Marti 2016 - B"]
[Site "Barcelona ESP"]
[Date "2016.07.21"]
[Round "9.44"]
[White "Martin Arranz, Lluis"]
[Black "Tsulaia, Mariam"]
[Result "0-1"]
[WhiteElo "1771"]
[BlackElo "1588"]
[PlyCount "68"]
[EventDate "2016.07.13"]
[EventType "swiss"]
[EventRounds "9"]
[EventCountry "ESP"]
[SourceTitle "Ajedrez en Madrid"]
[Source "lmi"]
[SourceDate "2016.07.13"]
[SourceVersion "1"]
[SourceVersionDate "2019.06.21"]
[SourceQuality "1"]

1. e4 c5 2. Nf3 d6 3. d4 cxd4 4. Nxd4 Nf6 5. Nc3 a6 6. Be3 e5 7. Nb3 Be6 8. Qd2
Be7 9. Be2 O-O 10. f3 Nc6 11. O-O-O b5 12. Nd5 Bxd5 13. exd5 Nb8 14. g4 Nbd7
15. h4 Nb6 16. Bxb6 Qxb6 17. Kb1 e4 18. g5 e3 19. Qd3 Nh5 20. Nd4 Ng3 21. Rh2
Rfe8 22. f4 Bf8 23. f5 Qc5 24. Nb3 Qc4 25. g6 fxg6 26. fxg6 Qxd3 27. Bxd3 hxg6
28. Bxg6 Re5 29. Rg2 e2 30. Re1 Be7 31. Rxg3 Bxh4 32. Rgg1 Rf8 33. Bd3 Bxe1 34.
Nc1 Bf2 0-1

[Event "18. Obert Int. Sant Marti 2016 - B"]
[Site "Barcelona ESP"]
[Date "2016.07.21"]
[Round "9.45"]
[White "Vicente Soriano, Josep"]
[Black "Pera Muntasell, Marc"]
[Result "1/2-1/2"]
[WhiteElo "1757"]
[BlackElo "1450"]
[PlyCount "69"]
[EventDate "2016.07.13"]
[EventType "swiss"]
[EventRounds "9"]
[EventCountry "ESP"]
[SourceTitle "Ajedrez en Madrid"]
[Source "lmi"]
[SourceDate "2016.07.13"]
[SourceVersion "1"]
[SourceVersionDate "2019.06.21"]
[SourceQuality "1"]

1. e4 c5 2. Nf3 d6 3. d4 cxd4 4. Nxd4 Nf6 5. Nc3 a6 6. Bc4 b5 7. Bb3 Bb7 8. O-O
Nbd7 9. Re1 e6 10. Bxe6 fxe6 11. Nxe6 Qb8 12. Bf4 Ne5 13. Bg5 Bc8 14. Nxf8 Rxf8
15. Bxf6 Rxf6 16. Qh5+ Kf8 17. Nd5 Rg6 18. Kh1 Bg4 19. Qh4 Qd8 20. Qxd8+ Rxd8
21. h3 Be6 22. Nc7 Rc8 23. Nxe6+ Rxe6 24. Re2 Nc4 25. a4 b4 26. Rd1 Nxb2 27.
Rd4 Nxa4 28. Rxb4 Nc3 29. Re3 Rce8 30. Rxc3 Rxe4 31. Rf3+ Kg8 32. Rxe4 Rxe4 33.
Ra3 Kf7 34. Rxa6 Ke6 35. Ra7 1/2-1/2

[Event "18. Obert Int. Sant Marti 2016 - B"]
[Site "Barcelona ESP"]
[Date "2016.07.21"]
[Round "9.46"]
[White "Moysen Cortes, Jessica"]
[Black "Castillo Dalmau, Arnau"]
[Result "0-1"]
[WhiteElo "1740"]
[BlackElo "1418"]
[PlyCount "74"]
[EventDate "2016.07.13"]
[EventType "swiss"]
[EventRounds "9"]
[EventCountry "ESP"]
[SourceTitle "Ajedrez en Madrid"]
[Source "lmi"]
[SourceDate "2016.07.13"]
[SourceVersion "1"]
[SourceVersionDate "2019.06.21"]
[SourceQuality "1"]

1. e4 c5 2. Nf3 e6 3. d4 cxd4 4. Nxd4 Nc6 5. Nc3 Qc7 6. Be3 a6 7. Be2 Nf6 8. a3
Be7 9. O-O O-O 10. f4 d6 11. Kh1 b5 12. Nxc6 Qxc6 13. Bf3 e5 14. Qe1 Bb7 15. f5
Rac8 16. Qg3 Kh8 17. Qf2 Qc4 18. Be2 Qc6 19. Rad1 Ba8 20. Bg5 Qd7 21. Bxf6 Bxf6
22. Rd3 Be7 23. Bg4 f6 24. Qh4 Bd8 25. Rh3 h6 26. Qe1 Ba5 27. b4 Bb6 28. Qd2
Bd4 29. Nd5 Bxd5 30. exd5 Rc7 31. c3 Bb6 32. Rff3 e4 33. Rf1 e3 34. Qd3 Rfc8
35. Rc1 Rc4 36. Bf3 Qc7 37. g4 Rxc3 0-1

[Event "18. Obert Int. Sant Marti 2016 - B"]
[Site "Barcelona ESP"]
[Date "2016.07.21"]
[Round "9.47"]
[White "Cassi De La Viuda, Alex"]
[Black "Hernandez Bermudez, Alberto"]
[Result "1-0"]
[WhiteElo "1330"]
[BlackElo "1720"]
[PlyCount "47"]
[EventDate "2016.07.13"]
[EventType "swiss"]
[EventRounds "9"]
[EventCountry "ESP"]
[SourceTitle "Ajedrez en Madrid"]
[Source "lmi"]
[SourceDate "2016.07.13"]
[SourceVersion "1"]
[SourceVersionDate "2019.06.21"]
[SourceQuality "1"]

1. e4 d5 2. exd5 Qxd5 3. Nc3 Qa5 4. d4 c6 5. Nf3 Bg4 6. h3 Bh5 7. Be2 e6 8. Ne5
Bxe2 9. Qxe2 Bd6 10. O-O Bxe5 11. dxe5 Ne7 12. f4 Nd5 13. Nxd5 cxd5 14. Qg4 O-O
15. f5 Qc5+ 16. Kh1 Qc4 17. Rf4 exf5 18. Qxf5 Qc8 19. Qh5 Qxc2 20. Rg4 Qc6 21.
Bh6 g6 22. Bxf8 Kxf8 23. Qxh7 Ke7 24. Rf1 1-0

[Event "18. Obert Int. Sant Marti 2016 - B"]
[Site "Barcelona ESP"]
[Date "2016.07.21"]
[Round "9.49"]
[White "Moya Nunez, Salvador"]
[Black "Martin Sanchez, Antoni"]
[Result "1-0"]
[WhiteElo "1175"]
[BlackElo "1678"]
[PlyCount "83"]
[EventDate "2016.07.13"]
[EventType "swiss"]
[EventRounds "9"]
[EventCountry "ESP"]
[SourceTitle "Ajedrez en Madrid"]
[Source "lmi"]
[SourceDate "2016.07.13"]
[SourceVersion "1"]
[SourceVersionDate "2019.06.21"]
[SourceQuality "1"]

1. e4 e6 2. d4 d5 3. e5 c5 4. c3 Nc6 5. Nf3 a6 6. a3 b5 7. b4 cxb4 8. cxb4 Rb8
9. Nc3 Nge7 10. Bd3 Nf5 11. Bxf5 exf5 12. Qd3 Be6 13. O-O Be7 14. Re1 Qb6 15.
Rb1 O-O 16. Bd2 Rfc8 17. Rb3 Rc7 18. h3 Na7 19. Reb1 Rbc8 20. Be3 Rc6 21. a4
Qc7 22. Bd2 Rc4 23. axb5 axb5 24. Ne2 Qb6 25. Bc3 Qd8 26. Nd2 R4c7 27. R3b2 Nc6
28. Qxb5 Qe8 29. Qd3 Ra8 30. b5 Na5 31. Bxa5 Rxa5 32. Nf4 Rb7 33. Nxe6 fxe6 34.
Nf3 Rb6 35. Ne1 Qa8 36. Nc2 Ra4 37. Nb4 Kf7 38. Nc6 Bf8 39. Qf3 Ra1 40. Qd1 Ra3
41. Kh2 g5 42. Qh5+ 1-0

[Event "18. Obert Int. Sant Marti 2016 - B"]
[Site "Barcelona ESP"]
[Date "2016.07.21"]
[Round "9.50"]
[White "Ferres Saez, Joan"]
[Black "Ylla Soro, Rafael"]
[Result "1-0"]
[WhiteElo "1763"]
[BlackElo "1559"]
[PlyCount "63"]
[EventDate "2016.07.13"]
[EventType "swiss"]
[EventRounds "9"]
[EventCountry "ESP"]
[SourceTitle "Ajedrez en Madrid"]
[Source "lmi"]
[SourceDate "2016.07.13"]
[SourceVersion "1"]
[SourceVersionDate "2019.06.21"]
[SourceQuality "1"]

1. Nf3 f5 2. g3 Nf6 3. Bg2 e6 4. c4 Be7 5. O-O O-O 6. Nc3 c6 7. d3 d5 8. cxd5
exd5 9. Bg5 Nbd7 10. Rc1 a5 11. Qc2 Nc5 12. Nd4 Ng4 13. Bxe7 Qxe7 14. Nxd5 cxd5
15. Qxc5 Qf6 16. Bxd5+ Kh8 17. Nf3 h5 18. d4 b6 19. Qc7 Ra6 20. h3 Nh6 21. Rc6
Qd8 22. Ne5 Kh7 23. Qxd8 Rxd8 24. Bc4 Ra8 25. e3 Rb8 26. Rc7 Bb7 27. Nc6 Bxc6
28. Rxc6 b5 29. Bd3 Rd5 30. Rfc1 Rb7 31. R6c5 Rxc5 32. Rxc5 1-0

[Event "18. Obert Int. Sant Marti 2016 - B"]
[Site "Barcelona ESP"]
[Date "2016.07.21"]
[Round "9.51"]
[White "Martinez Navarro, Miquel"]
[Black "Sanchez Paz, Josep"]
[Result "1/2-1/2"]
[WhiteElo "1587"]
[BlackElo "1709"]
[PlyCount "111"]
[EventDate "2016.07.13"]
[EventType "swiss"]
[EventRounds "9"]
[EventCountry "ESP"]
[SourceTitle "Ajedrez en Madrid"]
[Source "lmi"]
[SourceDate "2016.07.13"]
[SourceVersion "1"]
[SourceVersionDate "2019.06.21"]
[SourceQuality "1"]

1. e4 c5 2. Nf3 Nc6 3. c3 d5 4. Bd3 e5 5. Bc2 Bg4 6. h3 Bh5 7. d3 Nf6 8. Bg5
Be7 9. Nbd2 O-O 10. g4 Bg6 11. Nh4 h6 12. Nxg6 fxg6 13. Bh4 g5 14. Bg3 b5 15.
f3 b4 16. Ba4 Rc8 17. Bxc6 Rxc6 18. Bxe5 Nd7 19. Bg3 Qa5 20. Nb3 Qb6 21. exd5
Rcf6 22. Nd2 Bd6 23. Bh2 Re8+ 24. Ne4 bxc3 25. bxc3 Qb2 26. Bxd6 Rxd6 27. O-O
Rxd5 28. Rf2 Qa3 29. Rb1 Ne5 30. Rb3 Qa6 31. c4 Qxc4 32. dxc4 Rxd1+ 33. Kg2
Nxc4 34. Nxc5 Ree1 35. f4 Rg1+ 36. Kh2 Rh1+ 37. Kg3 Nd2 38. Rg2 Nxb3 39. Nxb3
Rd3+ 40. Kf2 gxf4 41. g5 h5 42. Nc5 Rdxh3 43. g6 f3 44. Rg5 Kf8 45. Rf5+ Ke7
46. Rf7+ Kd6 47. Ne4+ Ke5 48. Ng3 Rxg3 49. Kxg3 Rg1+ 50. Kxf3 Rxg6 51. Rxa7 h4
52. Ra5+ Kf6 53. Ra6+ Kg5 54. Rxg6+ Kxg6 55. Kg4 Kf6 56. Kxh4 1/2-1/2

[Event "18. Obert Int. Sant Marti 2016 - B"]
[Site "Barcelona ESP"]
[Date "2016.07.21"]
[Round "9.52"]
[White "Molina Taberner, Jordi"]
[Black "Subirana Santos, Marc"]
[Result "0-1"]
[WhiteElo "1529"]
[BlackElo "1706"]
[PlyCount "120"]
[EventDate "2016.07.13"]
[EventType "swiss"]
[EventRounds "9"]
[EventCountry "ESP"]
[SourceTitle "Ajedrez en Madrid"]
[Source "lmi"]
[SourceDate "2016.07.13"]
[SourceVersion "1"]
[SourceVersionDate "2019.06.21"]
[SourceQuality "1"]

1. d4 Nf6 2. Bf4 d5 3. e3 c5 4. c3 Qb6 5. b3 Bg4 6. f3 Bd7 7. Nd2 cxd4 8. exd4
Nc6 9. a4 e6 10. b4 Be7 11. a5 Qd8 12. Nb3 O-O 13. b5 Nb8 14. g4 h6 15. h4 Nh7
16. g5 hxg5 17. hxg5 Bxg5 18. Qc2 Bh4+ 19. Kd1 g5 20. Bg3 f5 21. Bxh4 gxh4 22.
Qf2 a6 23. Nc5 axb5 24. Nxb7 Qc7 25. Qxh4 Be8 26. Nd8 Rf6 27. Ne2 Bg6 28. Nxe6
Rxe6 29. Nf4 Rd6 30. Nxg6 Rxg6 31. Ra2 Nc6 32. Rah2 Ra7 33. Bd3 Qe7 34. Qxe7
Rxe7 35. Bxf5 Rgg7 36. Bd3 Na7 37. Bxh7+ Rxh7 38. Rxh7 Rxh7 39. Rxh7 Kxh7 40.
Kc2 Kg6 41. Kb3 Nc6 42. Kc2 Kf5 43. Kd2 Kf4 44. Ke2 b4 45. cxb4 Nxb4 46. Kd2
Kxf3 47. Kc3 Na6 48. Kd3 Kf4 49. Kd2 Ke4 50. Kc3 Ke3 51. Kb3 Kxd4 52. Kc2 Ke3
53. Kd1 Kd3 54. Kc1 Ke2 55. Kc2 d4 56. Kb3 d3 57. Kc4 d2 58. Kb5 Nb8 59. Kb6
d1=Q 60. Kb7 Qd8 0-1

[Event "18. Obert Int. Sant Marti 2016 - B"]
[Site "Barcelona ESP"]
[Date "2016.07.21"]
[Round "9.54"]
[White "Cano Vila, Eduard"]
[Black "Pascual Gonzalez-Novelles, David"]
[Result "1-0"]
[WhiteElo "1353"]
[BlackElo "1650"]
[PlyCount "69"]
[EventDate "2016.07.13"]
[EventType "swiss"]
[EventRounds "9"]
[EventCountry "ESP"]
[SourceTitle "Ajedrez en Madrid"]
[Source "lmi"]
[SourceDate "2016.07.13"]
[SourceVersion "1"]
[SourceVersionDate "2019.06.21"]
[SourceQuality "1"]

1. e4 e5 2. Nf3 d6 3. d4 exd4 4. Nxd4 Nf6 5. Nc3 Be7 6. Bf4 Nbd7 7. Qd2 O-O 8.
O-O-O Nc5 9. Qe3 Qe8 10. Be2 Ne6 11. Nxe6 Bxe6 12. Qg3 Nd7 13. Nd5 Bxd5 14.
Rxd5 Bf6 15. Rh5 Be5 16. Bxe5 Nxe5 17. f4 Ng6 18. f5 Qxe4 19. fxg6 Qxe2 20.
gxh7+ Kh8 21. Rg5 g6 22. Qc3+ Kxh7 23. h4 f6 24. Rg3 Qe7 25. h5 g5 26. Qd3+ f5
27. Re3 Qf6 28. Rhe1 Qg7 29. g4 Kh8 30. gxf5 Qf7 31. f6 Qxf6 32. Re6 Qf4+ 33.
Kb1 Rf6 34. Re7 Raf8 35. Qh7# 1-0

[Event "18. Obert Int. Sant Marti 2016 - B"]
[Site "Barcelona ESP"]
[Date "2016.07.21"]
[Round "9.58"]
[White "Gomez Guinovart, Josep Manel"]
[Black "Antequera Garcia, Luis"]
[Result "1-0"]
[WhiteElo "1733"]
[BlackElo "1333"]
[PlyCount "41"]
[EventDate "2016.07.13"]
[EventType "swiss"]
[EventRounds "9"]
[EventCountry "ESP"]
[SourceTitle "Ajedrez en Madrid"]
[Source "lmi"]
[SourceDate "2016.07.13"]
[SourceVersion "1"]
[SourceVersionDate "2019.06.21"]
[SourceQuality "1"]

1. d4 e6 2. c4 d5 3. Nc3 Nf6 4. Bf4 Nc6 5. e3 Bb4 6. Nf3 Ne4 7. Qc2 O-O 8. Bd3
f6 9. O-O e5 10. dxe5 fxe5 11. Nxe5 d4 12. Nxc6 bxc6 13. Nxe4 c5 14. a3 Ba5 15.
Nxc5 Qe7 16. Nb3 Bb6 17. c5 Be6 18. cxb6 Bxb3 19. Qxb3+ Kh8 20. bxc7 Qxc7 21.
Bxc7 1-0

[Event "18. Obert Int. Sant Marti 2016 - B"]
[Site "Barcelona ESP"]
[Date "2016.07.21"]
[Round "9.59"]
[White "Bernat Mor, Juli"]
[Black "Febrero Perez, Lluis"]
[Result "0-1"]
[WhiteElo "1239"]
[BlackElo "1642"]
[PlyCount "36"]
[EventDate "2016.07.13"]
[EventType "swiss"]
[EventRounds "9"]
[EventCountry "ESP"]
[SourceTitle "Ajedrez en Madrid"]
[Source "lmi"]
[SourceDate "2016.07.13"]
[SourceVersion "1"]
[SourceVersionDate "2019.06.21"]
[SourceQuality "1"]

1. e4 e5 2. Nf3 Nc6 3. d4 exd4 4. Nxd4 Qh4 5. Nc3 Bb4 6. Nxc6 Qxe4+ 7. Qe2
Bxc3+ 8. bxc3 Qxe2+ 9. Bxe2 dxc6 10. O-O Ne7 11. Ba3 O-O 12. Rad1 Re8 13. Bxe7
Bf5 14. Rd2 Rxe7 15. Rfd1 Rae8 16. Kf1 g6 17. Rd8 Rxe2 18. Re1 Rxe1# 0-1

[Event "18. Obert Int. Sant Marti 2016 - B"]
[Site "Barcelona ESP"]
[Date "2016.07.21"]
[Round "9.61"]
[White "Martinez Medina, Jose Juan"]
[Black "Minko, Aleksandr"]
[Result "0-1"]
[WhiteElo "1534"]
[BlackElo "1145"]
[PlyCount "70"]
[EventDate "2016.07.13"]
[EventType "swiss"]
[EventRounds "9"]
[EventCountry "ESP"]
[SourceTitle "Ajedrez en Madrid"]
[Source "lmi"]
[SourceDate "2016.07.13"]
[SourceVersion "1"]
[SourceVersionDate "2019.06.21"]
[SourceQuality "1"]

1. e4 e5 2. Nf3 Nc6 3. d4 exd4 4. Nxd4 Bc5 5. Nb3 Bb6 6. Qe2 Nge7 7. Be3 O-O 8.
Bxb6 axb6 9. Nc3 Nb4 10. a3 Nbc6 11. Qe3 d5 12. Bd3 Re8 13. O-O d4 14. Nxd4
Nxd4 15. Rad1 Nef5 16. Qf4 g5 17. Qc1 Nd6 18. h3 Nxe4 19. Rfe1 Nxc3 20. bxc3
Rxe1+ 21. Rxe1 Ne6 22. Rd1 Qf6 23. Re1 Qxc3 24. Rxe6 Bxe6 25. Qxg5+ Kf8 26.
Qh6+ Qg7 27. Qe3 Re8 28. Qf3 c6 29. c4 b5 30. cxb5 Bd5 31. Qg3 Qxg3 32. fxg3
cxb5 33. Bxb5 Rc8 34. Bd3 Rc3 35. Bxh7 Rxg3 0-1